Licenčný režim v zahraničnom obchode SR
Licenčnému režimu podliehajú tovary a služby obchodného charakteru podľa licenčnej vyhlášky. Základná a všeobecná právna úprava licenčného režimu SR je obsiahnutá v paragrafe 56 zákona č.42/1980 Zb. o hospodárskych stykoch so zahraničním a vo vyhláške MH SR č. 302/1995 Z.z. v znení neskorších predpi...
Salvato in:
| Autore principale: | |
|---|---|
| Natura: | Capitolo di libro |
| Lingua: | slovacco |
| Soggetti: | |
| Tags: |
Nessun Tag, puoi essere il primo ad aggiungerne!!
|
MARC
| LEADER | 00000naa a2200000 4500 | ||
|---|---|---|---|
| 001 | r027082 | ||
| 005 | 20230522135436.3 | ||
| 041 | 0 | |a slo | |
| 044 | |a SK | ||
| 245 | 1 | 0 | |a Licenčný režim v zahraničnom obchode SR |c A. Gerstner |
| 520 | |a Licenčnému režimu podliehajú tovary a služby obchodného charakteru podľa licenčnej vyhlášky. Základná a všeobecná právna úprava licenčného režimu SR je obsiahnutá v paragrafe 56 zákona č.42/1980 Zb. o hospodárskych stykoch so zahraničním a vo vyhláške MH SR č. 302/1995 Z.z. v znení neskorších predpisov vydanej na vykonanie ustanovenia citovaného zákona. | ||
| 610 | 2 | 0 | |a licencie |
| 610 | 2 | 0 | |a obchod zahraničný |
| 610 | 2 | 0 | |a Slovensko |
| 610 | 2 | 0 | |a legislatíva |
| 610 | 2 | 0 | |a dovoz |
| 610 | 2 | 0 | |a vývoz |
| 610 | 2 | 0 | |a zákony |
| 610 | 2 | 0 | |a MH SR Bratislava |
| 610 | 2 | 0 | |a Česko |
| 610 | 2 | 0 | |a EZVO |
| 610 | 2 | 0 | |a Európska únia |
| 610 | 2 | 0 | |a politika licenčná |
| 100 | 1 | |a Gerstner, A. | |